Rozpoznaj kluby Ekstraklasy po najdroższym piłkarzu - Statystyki

Ogólne statystyki
  • Ten quiz został rozwiązany 94 razy
    42 od ostatniego zresetowania
  • Średni wynik to 13 z 18
Statystyki odpowiedzi
Zawodnik Wartość (w mln) Klub % Poprawnych
Antoni Kozubal 6 Lech Poznań
97%
Afimico Pululu 3 Jagiellonia Białystok
95%
Gustav Berggren / Fran Tudor / Kacper Trelowski 2,5 Raków Częstochowa
95%
Rúben Vinagre 4,5 Legia Warszawa
92%
Benjamin Källman 2 Cracovia
84%
Arkadiusz Pyrka 2 Piast Gliwice
78%
Eftimis Kuluris / Linus Wahlqvist / Adrian Przyborek 1,5 Pogoń Szczecin
78%
Illa Szkuryn 2 Stal Mielec
76%
Tomasz Pieńko 2,5 Zagłębie Lubin
76%
Mateusz Kowalczyk 0,9 GKS Katowice
68%
Dominik Szala 1,2 Górnik Zabrze
68%
Aleks Petkow 1 Śląsk Wrocław
68%
Fran Álvarez 1 Widzew Łódź
65%
Xavier Dziekonski 0,8 Korona Kielce
62%
Filip Luberecki 0,8 Motor Lublin
62%
Roman Jakuba 0,8 Puszcza Niepołomice
59%
Camilo Mena 1,2 Lechia Gdańsk
57%
Pedro Perotti 0,9 Radomiak Radom
46%
Nie znaleziono quizów pasujących do podanych kryteriów
Rozkład punktacji
Procent ludzi z każdym wynikiem
Percentyl według liczby udzielonych odpowiedzi
Twoja historia wyników
Nie rozwiązałeś tego quizu od ostatniego zresetowania